| 000 | 00469nam a2200181Ia 4500 | ||
|---|---|---|---|
| 008 | 240925s9999 xx 000 0 und d | ||
| 020 | _a9789384323127 | ||
| 082 | _a515.9 ZIL | ||
| 100 | _aZill ,Dennis G. | ||
| 245 | 0 | _aComplex Analysis | |
| 250 | _a3rd | ||
| 260 |
_aNew Delhi: _bJones and Bartlett _c,2017. |
||
| 300 |
_axxiii, 836p. _b0 _fOriginal |
||
| 500 | _aIncludes Index | ||
| 600 | _aHumanities & Natural Science | ||
| 650 | _aMathematics | ||
| 942 | _cBK | ||
| 999 |
_c16633 _d16633 |
||